| 000 | 00881nam a2200229 a 4500 | ||
|---|---|---|---|
| 001 | 000022287 | ||
| 005 | 20250204073952.0 | ||
| 008 | 100921s1997 dr 000 0 spa d | ||
| 040 |
_aDO-SdBNP _bspa _cBNPHU |
||
| 082 |
_a923.27293 _bD812j, 1997 |
||
| 245 | 0 | 0 |
_aJuan Pablo Duarte : _bescritos / _crecopilación Mariano Lebrón Saviñón ; prólogo Pedro Troncoso Sánchez. |
| 250 | _a2a ed. | ||
| 260 |
_aSanto Domingo : _bInstituto Duartiano, _c1997. |
||
| 300 |
_a129 p. ; _c22 cm. |
||
| 500 | _aIncluye bibliografía y notas al final de capítulos | ||
| 600 | 1 | 0 |
_aDuarte, Juan Pablo, _d1813-1876 _91494 |
| 651 | 4 |
_aRepública Dominicana _xHistoria _y1844-1930 _xFuentes _938423 |
|
| 700 | 1 |
_aLebrón Saviñon, Mariano _d1922-2014 _ecomp. _97227 |
|
| 700 | 1 |
_aTroncoso Sánchez, Pedro, _d1904-1989 _epról. _923599 |
|
| 910 | _aValidado. Control de calidad EMS | ||
| 049 | _aBNPD | ||
| 999 |
_c21785 _d21785 |
||